000 00658cam a2200229 4500500
005 20260329004708.0
041 _afre
042 _adc
100 1 0 _aNathan, Tobie
_eauthor
245 0 0 _aTikTok. L’Internationale des enfants
260 _c2020.
500 _a68
690 _aChine
690 _aDivertissement
690 _aInternational
690 _aJeunesse
690 _aMarx
690 _aRéseaux sociaux
690 _aTobie Nathan
786 0 _nPhilosophie magazine | 144 | 11 | 2020-11-01 | p. 22-23 | 1951-1787
856 4 1 _uhttps://shs.cairn.info/magazine-philosophie-magazine-2020-11-page-22?lang=fr&redirect-ssocas=7080
999 _c1836363
_d1836363